000 nam a22 a 4500
999 _c188464
_d188464
003 BLK
005 20221211183507.0
008 180411b bul|||||r ||||||| ||bul||
010 _aKNG00197482000
040 _aBLK
041 _aBUL
_cBUL
080 _aБългарска литература
_b821.163.2
_x-32
_z821.163.2-32
100 1 _aФучеджиев, Дико Славов
_eпърви автор
_9135213
139 _aФучеджиев, Дико Славов
_bФ 95
245 1 0 _aСтуденото отдалечаване
_bРоман
_cДико Славов Фучеджиев
257 _aBGR
260 _aСофия
_bБълг. писател
_c1981
300 _a207 с.
_c21 см
380 _aX
852 _aЦб 107300
_bЦб
856 4 _qpdf
_i0.00
_ldisable
942 _cKNG
_n0
_s1
944 _aCR
_c06.12.2016
_kКети_Илиева
944 _aED
_c06.12.2016
_kКети_Илиева